000 00961ntm a22003377a 4500
005 20260129162923.0
008 260129b2022 xxu||||| |||| 00| 0 spa d
020 _a9788436838404
041 _aESP
082 _a364.4 S718m3
100 _aSoto Castro, Juan Enrique
245 _aManual de investigación psicológica del delito: el método VERA
250 _a3 edición
260 _aEspaña
260 _bPirámide
260 _c2022
300 _a171 páginas
490 _aInvestigación Criminal
650 _aPREVENCIÓN DEL CRIMEN
650 _aPSICOLOGÍA
650 _aINVESTIGACIÓN DEL DELITO
650 _aCOMPORTAMIENTO CRIMINAL
650 _aMÉTODO VERA
650 _aANÁLISIS DE LA VÍCTIMA
650 _aANÁLISIS DE LA ESCENA DEL DELITO
650 _aAUTOR DEL DELITO
650 _aANALISTA DE CONDUCTA
650 _aPERFILACIÓN CRIMINAL
650 _aPROTOCOLO DE COMUNICACIÓN NO VERBAL
942 _cBK
_2ddc
999 _c13876
_d13876